LEADER 00982nam a22001577a 4500
020 |a 0230-63012-x 
082 |a 658.45  |b SOU/S 
100 |a Francis Soundararaj  |9 168548 
245 |a Speaking and writing for effective business communication  
260 |a New Delhi  |b Macmillan india pvt ltd  |c 2007 
300 |a xvii+206p. 
650 |a Speaking and writing for effective business communication   |9 168549 
856 |u https://books.google.co.in/books?id=PGHxGPg7uFcC&pg=PR9&lpg=PR9&dq=Speaking+and+writing+for+effective+business+communication++francis+soundararaj&source=bl&ots=fWFdjZSc5Z&sig=_R_RY-c5CZvL2QCtlqCOg-LWFsc&hl=en&sa=X&ei=Sc2UVZbRKMSVuATrwISAAQ&ved=0CB0Q6AEwAA#v=onepage&q=Speaking%20and%20writing%20for%20effective%20business%20communication%20%20francis%20soundararaj&f=false 
942 |c BK 
999 |c 187670  |d 187666 
952 |0 0  |1 0  |4 0  |6 658_450000000000000_SOU_S  |7 0  |8 NFIC  |9 186986  |a SMBS  |b SMBS  |c GEN  |d 2015-07-02  |g 150.00  |l 2  |o 658.45 SOU/S  |p SMBS2345  |r 2019-12-04  |s 2019-12-03  |w 2015-07-02  |y BK